|
|
|
|
| LEADER |
01175cam a2200253 7i4500 |
| 001 |
0000008310 |
| 005 |
20170218090000.0 |
| 020 |
|
|
|a 0072223235 (pbk.)
|
| 020 |
|
|
|a 0072223227 (pbk.)
|
| 020 |
|
|
|a 9780072223224
|
| 090 |
0 |
0 |
|a QA76.3
|b .D43 2003
|
| 100 |
1 |
|
|a Desai, Anil
|
| 245 |
1 |
0 |
|a MCSE/MCSA managing and maintaining a Windows server 2003 environment study guide :
|b (exam 70-290)
|c Anil Desai.
|
| 260 |
|
|
|a New York:
|b McGraw-Hill,
|c 2003.
|
| 300 |
|
|
|a xxxii, 748 p.:
|b ill.;
|c 23 cm..
|
| 490 |
0 |
|
|a MCSE/MCSA Microsoft certified systems engineer & Microsoft certified systems associate
|
| 500 |
|
|
|a Includes index
|
| 501 |
|
|
|a MCSE/MCSA managing and maintaining a Windows server 2003 environment study guide : (exam 70-290) / Anil Desai
|
| 650 |
0 |
0 |
|a Microsoft software --
|x Examinations
|
| 997 |
|
|
|a Communication, Visual Art & Computing, Faculty
|b Computing, Department
|
| 999 |
|
|
|a 0000010374
|b BOK
|c REFERENCE
|e Ground Floor, Bestari Jaya
|
| 999 |
|
|
|a 0000012606
|b BOK
|c REFERENCE
|e Ground Floor, Bestari Jaya
|
| 999 |
|
|
|a CDR0000377
|b CD-ROM
|c REFERENCE
|e Circulation Counter, Bestari Jaya
|
| 999 |
|
|
|a CDR0001423
|b CD-ROM
|c REFERENCE
|e Circulation Counter, Bestari Jaya
|